Statistics for Game of the Year

Click here to take the quiz!

General Stats

  • This quiz has been taken 17 times
  • The average score is 5 of 10

Answer Stats

HintAnswer% Correct
2018God of War
88%
2022Elden Ring
82%
2023Baldur's Gate 3
76%
2021It Takes Two
59%
2020The Last of Us Part 2
53%
2016Overwatch
41%
2019Sekiro: Shadows Die Twice
41%
2017The Legend of Zelda: Breath of the Wild
35%
2015The Witcher 3: Wild Hunt
35%
2014Dragon Age: Inquisition
18%

Score Distribution

Percentile by Number Answered

Percent of People with Each Score

Your Score History

You have not taken this quiz